| 000 | 01196nam a22002411a 4500 | ||
|---|---|---|---|
| 001 | 18877 | ||
| 003 | OSt | ||
| 005 | 20260204212425.0 | ||
| 008 | 181017s2018||||dr ||||||b||||||||||spa|| | ||
| 090 | _aEDU-BQ 2018 V176 | ||
| 100 | 1 |
_aVásquez De la Cruz, Génesis Yazmin _esustentante |
|
| 245 | 1 | _aEstudio comparativo, estrategias para la enseñanza-aprendizaje por competencia de la Química, politécnicos Distrito 16-01 y Distrito 16-02/Génesis Yazmin Vásquez De la Cruz, Cándido Cruz Adames y Riquelin De la Cruz. ; asesor Ana Mercedes Adames | |
| 260 |
_aCotuí, República Dominicana : _bUTECO, _c2018 |
||
| 300 |
_a68 hojas : _bIlustraciones ; _c2018 |
||
| 502 | _aTrabajo de grado (Licenciatura en Educación, Mención Biología y Química )--Universidad Tecnológica del Cibao Oriental, 2018 | ||
| 504 | _aIncluye referencia bibliográfica e índice | ||
| 650 | 4 | _aEstudio comparativo, estrategias para la enseñanza | |
| 700 | 1 |
_a Cruz Adames, Cándido _esustentante |
|
| 700 | 1 |
_a De la Cruz, Riquelin _esustentante |
|
| 700 | 1 |
_a Mercedes Adames, Ana _e asesor |
|
| 830 | _aTesis y disertaciones académicas (Universidad Tecnológica del Cibao Oriental) | ||
| 942 |
_2LC _cTH |
||
| 999 |
_c18877 _d18877 |
||